000 00391nam a2200145Ia 4500
008 100122s9999 xx 000 0 und d
082 _b25590
_a823.08
100 _aमहानोर ना धों
245 _aगपसप
260 _bरवींद्र किम्बहुने
_c1972
300 _a55
630 _aगपसप
730 _aगपसप
942 _cBOOK
999 _c412312
_d412309